000 00415nam a22001577a 4500
020 _a9788181111173
082 _aH4
_bPRA/S
100 _aPrabhakaran Hebbar Illath
245 _aSamskriti, bhasha aur sahitya/
_cby Prabhakaran Hebbar Illath
260 _aMadhura:
_bJawahar Pusthakalay,
_c2009.
300 _a159p.
650 _aEssays Hindi
650 _aLiterature Hindi
650 _aLiterature
942 _cBK
999 _c59093
_d59093